Catálogo público

Efecto del nitrógeno, época del año, frecuencias y altura de corte en las reservas de carbohidratos y materia seca en estrella africana (Cynodon plectostachyus (K.Schum)) y para (Brachiaria mútica (Fork) Stapf) (Record no. 168582)

MARC details
000 -CABECERA
campo de control de longitud fija 01010nam a2200289Ia 4500
001 - NÚMERO DE CONTROL
campo de control Z_5497
003 - IDENTIFICADOR DEL NÚMERO DE CONTROL
campo de control CHAP
008 - DATOS DE LONGITUD FIJA--INFORMACIÓN GENERAL
campo de control de longitud fija 220113s1978 xx 000 0 und d
010 ## - NÚMERO DE CONTROL DE LA BIBLIOTECA DEL CONGRESO
Número de control de LC 168582
040 ## - FUENTE DE LA CATALOGACIÓN
Centro/agencia transcriptor CHAP
090 ## - LOCALMENTE ASIGNADO TIPO-LC NÚMERO DE CLASIFICACIÓN (OCLC); NÚMERO DE CLASIFICACIÓN LOCAL (RLIN)
Número de clasificación (OCLC) (R) ; Numero de clasificación, CALL (RLIN) (NR) Tesis V 2008
100 ## - ENTRADA PRINCIPAL--NOMBRE DE PERSONA
Nombre de persona Vázquez Gómez, Jorge
9 (RLIN) 120374
245 ## - MENCIÓN DE TÍTULO
Título Efecto del nitrógeno, época del año, frecuencias y altura de corte en las reservas de carbohidratos y materia seca en estrella africana (Cynodon plectostachyus (K.Schum)) y para (Brachiaria mútica (Fork) Stapf)
260 ## - PUBLICACIÓN, DISTRIBUCIÓN, ETC.
Lugar de publicación, distribución, etc. Cárdenas, Tab. :
Nombre del editor, distribuidor, etc. El autor,
Fecha de publicación, distribución, etc. 1978
300 ## - DESCRIPCIÓN FÍSICA
Extensión 169 h. ; Gráfs,
502 ## - NOTA DE TESIS
Nota de tesis Tesis (M: C. Esp. en Ciencia Animal) -- Colegio Superior de Agricultura Tropical
650 ## - PUNTO DE ACCESO ADICIONAL DE MATERIA--TÉRMINO DE MATERIA
Término de materia o nombre geográfico como elemento de entrada Cynodon 2,Nitrógeno
Subdivisión general Efecto en pastos
9 (RLIN) 142876
650 ## - PUNTO DE ACCESO ADICIONAL DE MATERIA--TÉRMINO DE MATERIA
Término de materia o nombre geográfico como elemento de entrada Materia seca
Subdivisión general Determinación
9 (RLIN) 72934
650 ## - PUNTO DE ACCESO ADICIONAL DE MATERIA--TÉRMINO DE MATERIA
Término de materia o nombre geográfico como elemento de entrada Panicum purpurascens
9 (RLIN) 85109
650 ## - PUNTO DE ACCESO ADICIONAL DE MATERIA--TÉRMINO DE MATERIA
Término de materia o nombre geográfico como elemento de entrada Pastos
Subdivisión general Cabohidratos en
9 (RLIN) 142877
901 ## - ELEMENTOS DE DATOS A LOCAL LDA (RLIN)
a TESIS V 2008
902 ## - ELEMENTOS DE DATOS B LOCAL, LDB (RLIN)
a M
910 ## - DATOS DE OPCIÓN DEL USUARIO (OCLC)
Datos de opción del usuario 1978
942 ## - ELEMENTOS DE PUNTO DE ACCESO ADICIONAL (KOHA)
Tipo de ítem Koha Tesis_
942 ## - ELEMENTOS DE PUNTO DE ACCESO ADICIONAL (KOHA)
Tipo de ítem Koha Tesis_
Holdings
Estado de retiro Estado de pérdida Estado dañado No para préstamo Localización permanente Ubicación/localización actual Ubicación en estantería Fecha de adquisición Información codificada de la localización en otra ubicación Total de préstamos Código de barras Fecha visto por última vez Número de copia Precio válido a partir de Tipo de ítem Koha Nota pública
        Zootecnia Zootecnia   24/04/2007 2   z_T 0081 18/01/2022 1 18/01/2022 Tesis_ 2